<?xml version="1.0" encoding="UTF-8"?>
<collection xmlns:xsi="http://www.w3.org/2001/XMLSchema-instance" xsi:schemaLocation="http://www.loc.gov/MARC21/slim http://www.loc.gov/standards/marcxml/schema/MARC21slim.xsd" xmlns="http://www.loc.gov/MARC21/slim">
 <record>
  <leader>00000ctm a22000003a 4500</leader>
  <controlfield tag="001">UP-99796217612810528</controlfield>
  <controlfield tag="003">Buklod</controlfield>
  <controlfield tag="005">20180730104636.0</controlfield>
  <controlfield tag="006">a     r    |||| u|</controlfield>
  <controlfield tag="007">ta</controlfield>
  <controlfield tag="008">180730s2018    xx     d     r    |||| u|</controlfield>
  <datafield tag="035" ind1=" " ind2=" ">
   <subfield code="a">(iLib)UPD-00366413365</subfield>
  </datafield>
  <datafield tag="040" ind1=" " ind2=" ">
   <subfield code="a">DCHE</subfield>
   <subfield code="e">rda</subfield>
  </datafield>
  <datafield tag="041" ind1=" " ind2=" ">
   <subfield code="a">eng</subfield>
  </datafield>
  <datafield tag="090" ind1=" " ind2=" ">
   <subfield code="a">LG 993.5 2018 I58</subfield>
   <subfield code="b">D46</subfield>
  </datafield>
  <datafield tag="100" ind1="1" ind2=" ">
   <subfield code="a">Dela Cruz, Danielle Joyce B.</subfield>
   <subfield code="e">author.</subfield>
  </datafield>
  <datafield tag="245" ind1="1" ind2="3">
   <subfield code="a">An evaluative study of the accessibility level of compliance of selected student dormitories in UP Diliman</subfield>
   <subfield code="c">Danielle Joyce B. Dela Cruz ; Raquel Florendo, adviser.</subfield>
  </datafield>
  <datafield tag="264" ind1=" " ind2="0">
   <subfield code="a">Quezon City</subfield>
   <subfield code="b">College of Home Economics, University of the Philippines Diliman</subfield>
   <subfield code="c">2018.</subfield>
  </datafield>
  <datafield tag="300" ind1=" " ind2=" ">
   <subfield code="a">ix, 59 leaves</subfield>
   <subfield code="c">28 cm +</subfield>
   <subfield code="e">1 CD-ROM (4 3/4 in).</subfield>
  </datafield>
  <datafield tag="336" ind1=" " ind2=" ">
   <subfield code="a">text</subfield>
   <subfield code="2">rdacontent.</subfield>
  </datafield>
  <datafield tag="337" ind1=" " ind2=" ">
   <subfield code="a">unmediated</subfield>
   <subfield code="2">rdamedia.</subfield>
  </datafield>
  <datafield tag="338" ind1=" " ind2=" ">
   <subfield code="a">volume</subfield>
   <subfield code="2">rdacarrier.</subfield>
  </datafield>
  <datafield tag="502" ind1=" " ind2=" ">
   <subfield code="a">Thesis (B.S. Interior Design)--University of the Philippines Diliman, May 2018.</subfield>
  </datafield>
  <datafield tag="506" ind1=" " ind2=" ">
   <subfield code="a">AVAILABLE TO THE PUBLIC</subfield>
  </datafield>
  <datafield tag="520" ind1=" " ind2=" ">
   <subfield code="a">This study evaluated the accessibility level of compliance of selected student dormitories in UP Diliman specifically, with the purpose of determining the existing conditions of the dormitories, its level of compliance with the BP 344 and how satisfactorily did it so. Evaluative study was used as the study's research design. Both quantitative and qualitative methods were used to gather data. Convenience sampling was used to determine the three selected student dormitories with the provisions that they were low-rise dormitory buildings located in UP Diliman. Fifteen (15) respondents from each dormitory were given the survey questionnaire with the provisions that they have stayed in the dormitory for at least one semester and may or may not have had injuries. Data were taken through photo-documentation, ocular observation, survey questionnaires and open-minded interview with the key informant. The accessibility features observed were the entrances, ramps, doors, corridors, washroom and toilets, stairs and elevators. Two months were spent conducting the study and two weeks of gathering data in April. The findings of the study from the observations and responses revealed that Dormitory 3 was the most compliant with 5/7 accessibility feature compliance. However, overall, all of the dormitories had non-satisfactory level of compliance to the BP 344 standard requirements due to partial compliance only. The researcher recommends further studies on dormitory accessibility in the university as well as outside the university to find patterns on the similarities and differences in the application of BP 344 in the interior spaces. The researcher also suggests to study the provisions for people with hearing and visual disabilities in the dormitory by including way finding assessment and sound incorporation in the space.</subfield>
  </datafield>
  <datafield tag="610" ind1="0" ind2="0">
   <subfield code="a">University of the Philippines Diliman</subfield>
   <subfield code="x">Student housing.</subfield>
  </datafield>
  <datafield tag="650" ind1=" " ind2="0">
   <subfield code="a">Dormitories</subfield>
   <subfield code="z">Philippines</subfield>
   <subfield code="z">Diliman (Quezon City).</subfield>
  </datafield>
  <datafield tag="650" ind1=" " ind2="0">
   <subfield code="a">Student housing</subfield>
   <subfield code="z">Philippines</subfield>
   <subfield code="z">Diliman (Quezon City).</subfield>
  </datafield>
  <datafield tag="700" ind1="1" ind2=" ">
   <subfield code="a">Florendo, Raquel B.</subfield>
   <subfield code="e">adviser.</subfield>
  </datafield>
  <datafield tag="905" ind1=" " ind2=" ">
   <subfield code="a">FI</subfield>
  </datafield>
  <datafield tag="905" ind1=" " ind2=" ">
   <subfield code="a">UP</subfield>
  </datafield>
  <datafield tag="852" ind1="0" ind2=" ">
   <subfield code="a">UPD</subfield>
   <subfield code="b">DCHE</subfield>
   <subfield code="h">LG 993.5 2018 I58 D46</subfield>
  </datafield>
  <datafield tag="942" ind1=" " ind2=" ">
   <subfield code="a">Thesis</subfield>
  </datafield>
 </record>
</collection>
